000 00845nam a22002777a 4500
001 BR2010004255
003 BR-BrBNA
005 20230928103540.0
007 ta
008 230509b bl.||||| |||| 00| 0 por d
040 _aBR-BrBNA
_bpor
_cBiblioteca Nacional de Agricultura
041 _a(Por)
072 _aL10
090 _ L10 BR2010004255
110 1 _aMinistério da Agricultura, Pecuária e do Abastecimento, Brasília, DF (Brasil)
_97373
110 1 _aAssociação Brasileira dos Criadores de Zebu, Uberaba, MG (Brasil)
245 1 _aServiço de registro genealógico das raças zebuínas
260 3 _aBrasília, DF (Brasil):
_c2009.
300 _a174 p.
500 _a172 tables
650 _aREGISTRO GENEALÓGICO
650 _aRAÇA
650 _aESTATÍSTICA
909 _a202309
_bLucia
_c55
_dLucia Elande
942 _cBK
999 _c75562
_d75562